Adaptive MIMO-OFDM communication wait channel state information (CSI) at the transmitter / (Record no. 184046)

000 -LEADER
fixed length control field 00860 a2200193 4500
003 - CONTROL NUMBER IDENTIFIER
control field NUST
005 - DATE AND TIME OF LATEST TRANSACTION
control field 20251121175128.0
040 ## - CATALOGING SOURCE
Transcribing agency Nust
082 ## - DEWEY DECIMAL CLASSIFICATION NUMBER
Classification number 621.382,RAJ
100 ## - MAIN ENTRY--PERSONAL NAME
Personal name Raja , Haroon (TCC-17A)
9 (RLIN) 131990
245 ## - TITLE STATEMENT
Title Adaptive MIMO-OFDM communication wait channel state information (CSI) at the transmitter /
Statement of responsibility, etc. Haroon Raja, Saad Tehseen, Hussain Syed Kazmi and Haris Noor
260 ## - PUBLICATION, DISTRIBUTION, ETC.
Place of publication, distribution, etc. Rawalpindi
Name of publisher, distributor, etc. MCS (NUST)
Date of publication, distribution, etc. 2009
300 ## - PHYSICAL DESCRIPTION
Extent 83 p.;
505 ## - FORMATTED CONTENTS NOTE
Formatted contents note Introduction (Page-1), Basic Wireless Concepts (Page-50, Orthogonal Frequency Division Multiplexing (OFDM) (Page-11), Multi Input Multi Output (MIMO) and MIMO-OFDM (Page-23), Link Adaptation Strategies (Page-39), Simulation Results (Page-71).
650 ## - SUBJECT ADDED ENTRY--TOPICAL TERM
Topical term or geographic name entry element UG Projects
9 (RLIN) 98716
651 ## - SUBJECT ADDED ENTRY--GEOGRAPHIC NAME
Geographic name TCC-17A
9 (RLIN) 131971
700 ## - ADDED ENTRY--PERSONAL NAME
Personal name Supervised by Brig (R) Muhammad Khan Minhas
9 (RLIN) 131991
942 ## - ADDED ENTRY ELEMENTS (KOHA)
Koha item type Project Report
Source of classification or shelving scheme
Holdings
Withdrawn status Lost status Source of classification or shelving scheme Damaged status Not for loan Permanent Location Current Location Shelving location Date acquired Full call number Barcode Date last seen Price effective from Koha item type Public note
          Military College of Signals (MCS) Military College of Signals (MCS) Reference 12/12/2016 621.382,RAJ MCSPTC-110 12/08/2016 12/12/2016 Project Report Almirah No. 94, Shelf No. 2
© 2023 Central Library, National University of Sciences and Technology. All Rights Reserved.